Property owners and Business Improvement Districts (Record no. 115035)

MARC details
000 -LEADER
fixed length control field 01003cam a22002175a 4500
001 - CONTROL NUMBER
control field L157934
008 - FIXED-LENGTH DATA ELEMENTS--GENERAL INFORMATION
fixed length control field 130729s2013 xxk f 000 0 eng d
020 ## - INTERNATIONAL STANDARD BOOK NUMBER
International Standard Book Number 9781409839682
035 ## - SYSTEM CONTROL NUMBER
System control number (Sirsi) u157934
041 0# - LANGUAGE CODE
Language code of text/sound track or separate title eng
110 2# - MAIN ENTRY--CORPORATE NAME
Corporate name or jurisdiction name as entry element United Kingdom
Subordinate unit Department for Communities and Local Government
9 (RLIN) 4939
245 00 - TITLE STATEMENT
Title Property owners and Business Improvement Districts
Remainder of title Formalising the role of property owners who are not rate payers in Business Improvement District Schemes
Medium [electronic resource]
260 ## - PUBLICATION, DISTRIBUTION, ETC.
Place of publication, distribution, etc. London
Name of publisher, distributor, etc. DCLG
Date of publication, distribution, etc. 2013
520 ## - SUMMARY, ETC.
Summary, etc. Considers how the role of property owners who are not ratepayers can be formalised in Business Improvement Districts.
520 ## - SUMMARY, ETC.
Summary, etc. Consultation closes on 17 September 2013
590 ## - LOCAL NOTE (RLIN)
Local note KA
651 #4 - SUBJECT ADDED ENTRY--GEOGRAPHIC NAME
Geographic name England
Chronological subdivision 886-
690 ## - LOCAL SUBJECT ADDED ENTRY--TOPICAL TERM (OCLC, RLIN)
Topical term or geographic name as entry element Commercial property
9 (RLIN) 6227
856 40 - ELECTRONIC LOCATION AND ACCESS
Uniform Resource Identifier <a href="https://www.gov.uk/government/uploads/system/uploads/attachment_data/file/224818/Property_Owner_Consultation.pdf">https://www.gov.uk/government/uploads/system/uploads/attachment_data/file/224818/Property_Owner_Consultation.pdf</a>
Public note View this item free of charge at www.gov.uk
942 ## - ADDED ENTRY ELEMENTS (KOHA)
Suppress in OPAC 0
Holdings
Withdrawn status Lost status Source of classification or shelving scheme Damaged status Not for loan Home library Current library Shelving location Date acquired Total Checkouts Full call number Barcode Date last seen Copy number Price effective from Koha item type
    Dewey Decimal Classification     Virtual Virtual Online 29/07/2013   ONLINE PUBLICATION 157934-2001 06/08/2019 1 06/08/2019 Book